Vista normal
Vista MARC
Entrada Personal Name
Número de registros utilizados en: 3
001 - CONTROL NUMBER
- control field: 14902
003 - CONTROL NUMBER IDENTIFIER
- control field: DLC
005 - DATE AND TIME OF LATEST TRANSACTION
- control field: 20230927153935.0
008 - FIXED-LENGTH DATA ELEMENTS
- fixed length control field: 890303n| azannaabn |a aaa
010 ## - LIBRARY OF CONGRESS CONTROL NUMBER
- LC control number: n 88284067
035 ## - SYSTEM CONTROL NUMBER
- System control number: (OCoLC)oca02472069
040 ## - CATALOGING SOURCE
- Original cataloging agency: DLC
- Language of cataloging: spa
- Description conventions: rda
- Transcribing agency: Mx-PuUPA
- Modifying agency: DLC
- Modifying agency: OCoLC
- Modifying agency: DLC
- Modifying agency: CSt
- Modifying agency: Mx-PuUPA
100 1# - HEADING--PERSONAL NAME
- Personal name: Toussaint Alcaraz, Florence,
374 ## - OCCUPATION
- Occupation: Autor
375 ## - GENDER
- Gender: hombre
377 ## - ASSOCIATED LANGUAGE
- Language code: spa
400 1# - SEE FROM TRACING--PERSONAL NAME
- Personal name: Alcaraz, Florence Toussaint
400 1# - SEE FROM TRACING--PERSONAL NAME
- Personal name: Toussaint, Florance
400 1# - SEE FROM TRACING--PERSONAL NAME
- Personal name: Toussaint, Florence
670 ## - SOURCE DATA FOUND
- Source citation: Lares, T. Teodosio Lares, 1987:
- Information found: t.p. (Florence Toussaint Alcaraz)
670 ## - SOURCE DATA FOUND
- Source citation: México en la prensa internacional, 1986:
- Information found: t.p. (Florance [sic] Toussaint) p. 10 (Florence Toussaint)